Calidad de enseñanza y escuela democrática
Αποθηκεύτηκε σε:
| Κύριοι συγγραφείς: | , , , , |
|---|---|
| Συγγραφή απο Οργανισμό/Αρχή: | |
| Μορφή: | Βιβλίο |
| Γλώσσα: | Ισπανικά |
| Έκδοση: |
Madrid
Popular
1981
|
| Σειρά: | Papel de Prueba, 11
|
| Θέματα: | |
| Ετικέτες: |
Προσθήκη ετικέτας
Δεν υπάρχουν, Καταχωρήστε ετικέτα πρώτοι!
|
MARC
| LEADER | 00000nam a2200000 a 4500 | ||
|---|---|---|---|
| 001 | UCZ8390 | ||
| 003 | CL-VaPUC | ||
| 008 | 960121e19810000SP |||||||||||||||||spa|d | ||
| 082 | 0 | 4 | |a 306.43 |b ALV |2 21 |
| 100 | 0 | |a Alvarez, Manuel Francisco |e author |9 353673 | |
| 700 | 0 | |a González, Lázaro |e author |9 353674 | |
| 700 | 0 | |a Lozano, Tarsicio |e author |9 353675 | |
| 700 | 0 | |a Rey, Roberto |e author |9 353676 | |
| 700 | 0 | |a Torremocha, Miguel Angel |e author |9 353677 | |
| 110 | 2 | |a Colectivo 2005 |e author |9 353678 | |
| 245 | 1 | 0 | |a Calidad de enseñanza y escuela democrática |
| 300 | |a 173 p | ||
| 942 | |c BK | ||
| 945 | |d 19960121 00:00:00 |a cmena | ||
| 260 | |a Madrid |b Popular |c 1981 | ||
| 650 | 0 | |a Calidad de la educación |9 307271 | |
| 650 | 0 | |a Planificación de la educación |9 307333 | |
| 650 | 7 | |a NORMAS EDUCACIONALES |2 CL-VaPUC |9 340784 | |
| 650 | 0 | |a Sociología de la educación |9 260380 | |
| 650 | 0 | |a Gestión educacional |9 261035 | |
| 650 | 7 | |a PARTICIPACION |2 CL-VaPUC |9 337754 | |
| 650 | 7 | |a RELACIONES PADRES ESCUELA |2 CL-VaPUC |9 337206 | |
| 583 | |a last modification |c 19960121 00:00:00 |k Rodrigo Vera | ||
| 490 | 0 | |a Papel de Prueba, 11 | |
| 999 | |c 244310 |d 244308 | ||
| 952 | |0 0 |1 0 |4 0 |6 306_430000000000000_ALV_1981 |7 0 |8 P |9 258321 |a BIBEDU |b BIBEDU |c BIBEDU_PB |d 2019-11-19 |i 1614487 |o 306.43 ALV 1981 |p 1614487 |r 2024-01-25 |w 2019-11-19 |y BK |k EDU | ||